000 01177nam a2200349 i 4500
999 _c200434675
_d52887
001 200434675
003 TR-AnTOB
005 20241030135337.0
008 181206m20182015xxua j 001 0 tur d
020 _a978605312132
040 _aTR-AnTOB
_beng
_erda
_cTR-AnTOB
041 1 _atur
_heng
050 1 _aQC931.4
090 _aJUN QC931.4
_b.C3619 2018
100 1 _aCox Cannons, Helen,
_d1971-
_eauthor
_9122979
240 _aWeather wise: wind
245 1 0 _aHava durumu :
_brüzgar /
_cHelen Cox Cannons ; fotoğraf araştırma: Ruth Blair ; çeviri: Emine Geçgil.
250 _a1. Basım: Ağustos, 2018
264 1 _aAnkara :
_bTÜBİTAK,
_c2018.
300 _a24 pages :
_billustrations ;
_c20x18 cm.
336 _2rdacontent
_atext
_btxt
337 _2rdamedia
_aunmediated
_bn
338 _2rdacarrier
_avolume
_bnc
490 0 _aTÜBİTAK Popüler bilim kitapları ;
_v912
500 _aIncludes index
650 0 _aDoğa
_vÇocuk edebiyatı
_9119154
650 7 _aFizik
_vÇocuk edebiyatı
_2etuturkob
_9117426
700 1 _aBlair, Ruth
_ephotographer
_9122980
700 1 _aGeçgil, Emine
_etranslator
_9122981
942 _2lcc
_cBK